000 00379nam a2200145Ia 4500
008 230312s9999||||xx |||||||||||||| ||und||
082 _a615.82
_bSUL-P
100 _aSullivan;Susan.B
245 0 _aPhysical Rehabilitation
260 _bF.A.Davis Company
_aPhiladelphia
_c2014
300 _a1349
546 _aEng.
650 _aPhysiotherapy
_vPhysical Rehabilitation
942 _cBK
999 _c9000
_d9000